[Event "Sousse Sahel op"]
[Site "Sousse"]
[Date "2019.04.23"]
[Round "8"]
[White "Ben Youssef, Anis"]
[Black "Khalfa, Mhamed"]
[Result "0-1"]
[WhiteElo "1750"]
[BlackElo "1760"]
[PlyCount "98"]
[EventDate "2019.04.19"]
[EventType "swiss"]
[EventRounds "9"]
[EventCountry "TUN"]
[SourceTitle "CBM 190 Extra"]
[Source "ChessBase"]
[SourceDate "2019.07.15"]
[SourceVersion "1"]
[SourceVersionDate "2019.07.15"]
[SourceQuality "1"]

1. e4 c5 2. Nc3 d6 3. f4 Nc6 4. Nf3 Nf6 5. Be2 e6 6. 0-0 Be7 7. Kh1 0-0 8. d4 cxd4 9. Nxd4 Nxd4 10. Qxd4 a6 11. Be3 Qc7 12. Rf3 e5 13. Qd2 Bg4 14. Rg3 Bxe2 15. Qxe2 Rfd8 16. Rf1 Rac8 17. Qf2 Nh5 18. Rg4 f5 19. exf5 Nf6 20. Rg3 Qc4 21. fxe5 dxe5 22. Bg5 Bc5 23. Qe1 Nh5 24. Rgf3 Nf6 25. Bxf6 gxf6 26. Ne4 Be7 27. Qh4 Kh8 28. Qh5 Rg8 29. Nc3 Rg5 30. Qh3 Rcg8 31. g3 Rg4 32. Qg2 b5 33. b3 Qc6 34. Rd3 e4 35. Re1 Bb4 36. Ree3 Bxc3 37. Rxc3 Qd5 38. h3 Rf4 39. Qe2 Rxf5 40. Kh2 Re5 41. Rc7 Qd6 42. Rcc3 Reg5 43. Qf2 f5 44. h4 Rg4 45. Kh3 Qd1 46. Re1 Qd6 47. Ree3 Qe6 48. Rc5 f4 49. gxf4 Rxh4+ 0-1

[Event "TUN-chT"]
[Site "Hammamet"]
[Date "2019.03.10"]
[Round "5.1"]
[White "Chikhaoui, Walid"]
[Black "Khalfa, Mhamed"]
[Result "1-0"]
[WhiteElo "2210"]
[BlackElo "1775"]
[PlyCount "67"]
[EventDate "2019.02.09"]
[EventType "team-tourn"]
[EventRounds "11"]
[EventCountry "TUN"]
[SourceTitle "CBM 190 Extra"]
[Source "ChessBase"]
[SourceDate "2019.07.15"]
[SourceVersion "1"]
[SourceVersionDate "2019.07.15"]
[SourceQuality "1"]
[WhiteTeam "Sfax"]
[BlackTeam "Soliman"]
[WhiteTeamCountry "TUN"]
[BlackTeamCountry "TUN"]

1. d4 Nf6 2. g3 g6 3. Bg2 d5 4. Nf3 Bg7 5. 0-0 0-0 6. c4 c6 7. cxd5 cxd5 8. Nc3 Nc6 9. h3 h6 10. Ne5 Ne4 11. Nxc6 Nxc3 12. Nxe7+ Qxe7 13. bxc3 Be6 14. Qb3 Qd7 15. Kh2 Rac8 16. Bd2 Rc4 17. Rab1 b6 18. Qb5 Qd6 19. Rfe1 Rfc8 20. e3 f5 21. a4 Kh7 22. a5 bxa5 23. Qxa5 R8c7 24. Rb5 Rd7 25. Reb1 Bf6 26. Rb7 Bd8 27. Qxa7 Bc7 28. Bf1 h5 29. Bxc4 dxc4 30. e4 fxe4 31. Bf4 Qf8 32. Rxc7 Qf5 33. Rxd7+ Bxd7 34. Rb7 1-0